000 00415 a2200157 4500
999 _c1270
_d1270
020 _a9780099567899
050 _aPS3503 HAR 2007
100 _aHarvey, John
_eauthor
245 _aStill water /
_cJohn Harvey
264 _aLondon:
_bArrow books,
_c2007
300 _a357p.
440 _aCharlie Resnick novel
500 _aA DI Charlie Resnick novel
650 _aMurder
_xFiction
942 _2lcc
_cBK
_h3503
_iHAR
_k2004